Entry Términos de género/forma
001 - NÚMERO DE CONTROL
- campo de control: 234794
003 - IDENTIFICADOR DE NÚMERO DE CONTROL
- campo de control: ES-MaACL
005 - FECHA Y HORA DE LA ÚLTIMA TRANSACCIÓN
- campo de control: 20250824052153.0
008 - ELEMENTOS DE DATO DE LONGITUD-FIJA
- campo de control de longitud fija: 240102|| aca||aabn | a|a d
040 ## - FUENTE DE CATALOGACIÓN
- Centro catalogador/agencia de origen: ES-MaACL
- Centro/agencia transcriptor: ES-MaACL
155 ## - ENCABEZAMIENTO--TÉRMINO DE GÉNERO/FORMA
- Término de género/forma: Teatro
455 ## - TRAZADO DE VÉASE--TÉRMINO GÉNERO/FORMA
- Término de género/forma: Literatura teatral
455 ## - TRAZADO DE VÉASE--TÉRMINO GÉNERO/FORMA
- Término de género/forma: Obras de teatro
455 ## - TRAZADO DE VÉASE--TÉRMINO GÉNERO/FORMA
- Término de género/forma: Obras teatrales
670 ## - FUENTE DE DATOS ENCONTRADOS
- Cita de la fuente: Work cat.: (ES-MaACL)193491: Girón Irueste, Enrique 174772 aut, Entre los hunos y los hotros /
